[Event "POL-ch U18 Girls"]
[Site "Sypniewo"]
[Date "2022.03.24"]
[Round "6"]
[White "Hertlein, Irena"]
[Black "Zniszczol, Wiktoria"]
[Result "1-0"]
[WhiteElo "1925"]
[BlackElo "1613"]
[PlyCount "65"]
[EventDate "2022.03.19"]
[EventType "swiss"]
[EventRounds "9"]
[EventCountry "POL"]
[SourceTitle "CBM 207 Extra"]
[Source "ChessBase"]
[SourceDate "2022.05.31"]
[SourceVersion "1"]
[SourceVersionDate "2022.05.31"]
[SourceQuality "1"]

1. d4 Nf6 2. c4 c5 3. d5 b5 4. cxb5 a6 5. e3 g6 6. Nc3 d6 7. Nf3 Bg7 8. a4 0-0 9. e4 axb5 10. Bxb5 Ba6 11. Qe2 Bxb5 12. Nxb5 Ne8 13. 0-0 Nc7 14. Nc3 Nd7 15. Bg5 Ne5 16. Nd2 h6 17. Bh4 g5 18. Bg3 Qb8 19. Ra2 Na6 20. Bxe5 Bxe5 21. Nc4 Bg7 22. f4 Bd4+ 23. Kh1 Nc7 24. fxg5 hxg5 25. Qh5 Bf6 26. Nxd6 Nxd5 27. Nxd5 Qxd6 28. Rxf6 exf6 29. Qh6 Ra6 30. Ra3 g4 31. Qh4 Qe6 32. Rg3 f5 33. Ne7+ 1-0

[Event "POL-ch U18 Girls"]
[Site "Sypniewo"]
[Date "2022.03.21"]
[Round "3"]
[White "Zniszczol, Wiktoria"]
[Black "Mytnik, Kinga"]
[Result "1-0"]
[WhiteElo "1613"]
[BlackElo "1438"]
[PlyCount "37"]
[EventDate "2022.03.19"]
[EventType "swiss"]
[EventRounds "9"]
[EventCountry "POL"]
[SourceTitle "CBM 207 Extra"]
[Source "ChessBase"]
[SourceDate "2022.05.31"]
[SourceVersion "1"]
[SourceVersionDate "2022.05.31"]
[SourceQuality "1"]

1. e4 d6 2. Nc3 Nf6 3. d4 Nbd7 4. Nge2 e5 5. h3 g6 6. g4 exd4 7. Qxd4 Bg7 8. g5 Nh5 9. Qe3 0-0 10. f4 Re8 11. Bg2 Nb6 12. Bf3 d5 13. e5 Nxf4 14. Qxf4 Bxe5 15. Qh4 Qd6 16. 0-0 Nc4 17. Bxd5 Qc5+ 18. Kg2 Bf5 19. Qxc4 1-0

[Event "POL-ch U18 Girls"]
[Site "Sypniewo"]
[Date "2022.03.20"]
[Round "2"]
[White "Zniszczol, Wiktoria"]
[Black "Matyjasek, Michalina"]
[Result "0-1"]
[WhiteElo "1613"]
[BlackElo "1435"]
[PlyCount "116"]
[EventDate "2022.03.19"]
[EventType "swiss"]
[EventRounds "9"]
[EventCountry "POL"]
[SourceTitle "CBM 207 Extra"]
[Source "ChessBase"]
[SourceDate "2022.05.31"]
[SourceVersion "1"]
[SourceVersionDate "2022.05.31"]
[SourceQuality "1"]

1. e4 c5 2. Nc3 Nc6 3. Nge2 g6 4. d4 cxd4 5. Nxd4 Bg7 6. Nde2 Nf6 7. g3 0-0 8. Bg2 d6 9. 0-0 Rb8 10. a4 b6 11. Nd5 Bb7 12. Ra2 Rc8 13. c3 Ba6 14. Re1 e6 15. Ne3 Qc7 16. b3 Ne5 17. c4 Rfd8 18. Ba3 Bb7 19. Nc3 a6 20. Rd2 Ne8 21. Qc2 Nd7 22. Red1 Nc5 23. f3 Bh6 24. f4 Bg7 25. b4 Bxc3 26. Qxc3 Nxe4 27. Bxe4 Bxe4 28. Bb2 f6 29. Qd4 Bf3 30. Rf1 Bb7 31. Rdd1 Qc6 32. Kf2 Qxa4 33. Qxb6 Qc6 34. Qd4 Qe4 35. Qc3 Qf3+ 36. Ke1 Qe4 37. Kf2 Qf3+ 38. Ke1 Qe4 39. Kf2 Qc6 40. Ke2 Ba8 41. Qb3 Rb8 42. Ng4 Qe4+ 43. Ne3 Rdc8 44. Rd4 Qc6 45. f5 e5 46. Rg4 g5 47. h4 h6 48. hxg5 hxg5 49. c5+ Kg7 50. Qe6 Kf8 51. Rc4 dxc5 52. Ng4 Qxe6 53. fxe6 Ke7 54. Ba3 Bd5 55. Rxc5 Rxc5 56. bxc5 Bc4+ 57. Kf2 Bxf1 58. Kxf1 Kxe6 0-1

[Event "POL-ch U17 Girls Qual"]
[Site "Jastrzebia Gora"]
[Date "2021.11.21"]
[Round "9"]
[White "Zniszczol, Wiktoria"]
[Black "Matusik, Zuzanna"]
[Result "1-0"]
[WhiteElo "1498"]
[BlackElo "1350"]
[PlyCount "113"]
[EventDate "2021.11.15"]
[EventType "swiss"]
[EventRounds "9"]
[EventCountry "POL"]
[SourceTitle "EXT 2023"]
[Source "ChessBase"]
[SourceDate "2022.10.05"]
[SourceVersion "1"]
[SourceVersionDate "2022.10.05"]
[SourceQuality "1"]

1. e4 e5 2. Nf3 Nf6 3. Nc3 Nc6 4. Bc4 Nxe4 5. Bxf7+ Kxf7 6. Nxe4 Be7 7. d4 d5 8. Neg5+ Kg8 9. dxe5 h6 10. Nh3 Bg4 11. Bf4 d4 12. a3 Qd7 13. Nhg1 Qf5 14. Qd2 Rf8 15. Bg3 Qe4+ 16. Qe2 Qxe2+ 17. Kxe2 h5 18. h3 Bf5 19. Kd2 h4 20. Bh2 Be6 21. Rf1 Bc4 22. Ne2 Bd5 23. Ne1 Rh5 24. f4 Rhf5 25. Nf3 Bc5 26. Nxh4 Nxe5 27. Nxf5 Nc4+ 28. Kc1 Bxg2 29. Nfxd4 Rd8 30. c3 Ne3 31. Re1 Bxh1 32. Rxh1 Bd6 33. f5 Bxh2 34. Rxh2 c5 35. Rf2 cxd4 36. Nxd4 Kf7 37. Re2 Re8 38. b3 a6 39. Kd2 Nd5 40. Rxe8 Kxe8 41. Ne6 Kf7 42. c4 Ne7 43. Nd4 Kf6 44. Ke3 Nxf5+ 45. Nxf5 Kxf5 46. Kf3 Ke5 47. Kg4 Kd4 48. Kg5 Kc3 49. Kg6 Kxb3 50. Kxg7 Kxa3 51. h4 b5 52. c5 b4 53. c6 b3 54. c7 b2 55. c8Q b1Q 56. Qxa6+ Kb2 57. Qb5+ 1-0

[Event "POL-ch U17 Girls Qual"]
[Site "Jastrzebia Gora"]
[Date "2021.11.18"]
[Round "5"]
[White "Pawlak, Emilia"]
[Black "Zniszczol, Wiktoria"]
[Result "0-1"]
[WhiteElo "1445"]
[BlackElo "1498"]
[PlyCount "66"]
[EventDate "2021.11.15"]
[EventType "swiss"]
[EventRounds "9"]
[EventCountry "POL"]
[SourceTitle "EXT 2023"]
[Source "ChessBase"]
[SourceDate "2022.10.05"]
[SourceVersion "1"]
[SourceVersionDate "2022.10.05"]
[SourceQuality "1"]

1. c4 e5 2. Nc3 Bb4 3. g3 Ne7 4. Bg2 Bxc3 5. bxc3 d6 6. d4 0-0 7. e3 c6 8. Nf3 Qa5 9. Bb2 Be6 10. Qd3 Nd7 11. Ng5 Bf5 12. e4 Bg6 13. 0-0 Rad8 14. f4 h6 15. Nf3 exf4 16. gxf4 d5 17. Nh4 dxe4 18. Bxe4 Nc5 19. Qe3 Bxe4 20. dxc5 Bd3 21. Rf2 Rfe8 22. Qg3 Qxc5 23. f5 Nxf5 24. Nxf5 Bxf5 25. Qf4 Bg6 26. Raf1 Re4 27. Qf3 Re5 28. Bc1 Rd3 29. Qg4 Re4 30. Qc8+ Kh7 31. Kh1 Rh4 32. a3 Be4+ 33. Kg1 Rg3+ 0-1

[Event "Poronin Tatra Limba op-B"]
[Site "Poronin"]
[Date "2021.05.26"]
[Round "7.10"]
[White "Dwilewicz, Andrzej"]
[Black "Zniszczol, Wiktoria"]
[Result "1-0"]
[WhiteElo "1587"]
[BlackElo "1641"]
[PlyCount "69"]
[EventDate "2021.05.22"]
[EventType "swiss"]
[EventRounds "9"]
[EventCountry "POL"]
[SourceTitle "EXT 2022"]
[Source "ChessBase"]
[SourceDate "2021.10.06"]
[SourceVersion "1"]
[SourceVersionDate "2021.10.06"]
[SourceQuality "1"]

1. Nf3 g6 2. g3 Bg7 3. Bg2 e5 4. d3 h6 5. e4 Nc6 6. Nc3 Nge7 7. Be3 d5 8. exd5 Nxd5 9. Nxd5 Qxd5 10. 0-0 Qd6 11. Qd2 Be6 12. Rfd1 0-0-0 13. a3 f5 14. Rab1 g5 15. Qe1 f4 16. gxf4 gxf4 17. Bd2 Bf6 18. Bc3 Rhg8 19. Kh1 Bd5 20. Qe2 Rde8 21. Rg1 Nd4 22. Bxd4 exd4 23. Qf1 Qc6 24. Ne1 f3 25. Bh3+ Kd8 26. Rxg8 Rxg8 27. c4 Bf7 28. Bf5 Qd6 29. Qh3 Rg5 30. Nxf3 Rh5 31. Qg4 Be5 32. h4 Bf4 33. Re1 Qf6 34. Bc8 Qc6 35. Qxf4 1-0

[Event "Poronin Tatra Limba op-B"]
[Site "Poronin"]
[Date "2021.05.23"]
[Round "2.18"]
[White "Zniszczol, Wiktoria"]
[Black "Kolcon, Waclaw"]
[Result "1-0"]
[WhiteElo "1641"]
[BlackElo "1197"]
[PlyCount "53"]
[EventDate "2021.05.22"]
[EventType "swiss"]
[EventRounds "9"]
[EventCountry "POL"]
[SourceTitle "EXT 2022"]
[Source "ChessBase"]
[SourceDate "2021.10.06"]
[SourceVersion "1"]
[SourceVersionDate "2021.10.06"]
[SourceQuality "1"]

1. e4 c5 2. Nc3 e6 3. f4 Nc6 4. Nf3 a6 5. g3 Nge7 6. Bg2 d5 7. d3 g6 8. 0-0 Bg7 9. Qe1 0-0 10. g4 f5 11. gxf5 exf5 12. e5 h6 13. Ne2 d4 14. Bd2 Be6 15. b3 Nd5 16. Nh4 Nce7 17. Qg3 Kh7 18. Rac1 Rc8 19. a3 b6 20. Nf3 Qe8 21. h4 Qf7 22. Kf2 Rg8 23. Rh1 Bf8 24. Ng5+ hxg5 25. hxg5+ Kg7 26. Rh7+ Kxh7 27. Qh4+ 1-0

[Event "Ustron op-C"]
[Site "Ustron"]
[Date "2020.08.15"]
[Round "7"]
[White "Zniszczol, Wiktoria"]
[Black "Jany, Piotr"]
[Result "1-0"]
[WhiteElo "1638"]
[BlackElo "1502"]
[PlyCount "83"]
[EventDate "2020.08.15"]
[EventType "swiss"]
[EventRounds "9"]
[EventCountry "POL"]
[SourceTitle "EXT 2021"]
[Source "ChessBase"]
[SourceDate "2020.10.23"]
[SourceVersion "1"]
[SourceVersionDate "2020.10.23"]
[SourceQuality "1"]

1. e4 c5 2. Nc3 Nc6 3. f4 e6 4. Nf3 d5 5. Bb5 Nge7 6. Ne5 Bd7 7. exd5 Nxe5 8. fxe5 Nxd5 9. Bxd7+ Qxd7 10. Qf3 Nb4 11. Qe4 Qc6 12. Kd1 0-0-0 13. Re1 Be7 14. a3 Qa6 15. Qe2 c4 16. axb4 Qxa1 17. Qxc4+ Kb8 18. Na2 Bg5 19. Ke2 Rd5 20. d4 Bxc1 21. Nxc1 Rc8 22. Qb3 Qa6+ 23. Ke3 Qb6 24. Ne2 Rxe5+ 25. Kd2 Rg5 26. g3 Qd6 27. c3 Rh5 28. Rf1 Qe7 29. Rf2 g5 30. Nc1 Rh6 31. Nd3 Rf6 32. Re2 Qd6 33. Ne5 h5 34. Qa4 Rd8 35. Qb5 Rf5 36. Qd3 f6 37. Nf7 Qd7 38. Nxd8 Qxd8 39. Rxe6 Rf2+ 40. Re2 Rxe2+ 41. Qxe2 g4 42. Qe4 1-0

[Event "Ustron op-C"]
[Site "Ustron"]
[Date "2020.08.15"]
[Round "3"]
[White "Zniszczol, Wiktoria"]
[Black "Seemann, Pola"]
[Result "1-0"]
[WhiteElo "1638"]
[BlackElo "1503"]
[PlyCount "89"]
[EventDate "2020.08.15"]
[EventType "swiss"]
[EventRounds "9"]
[EventCountry "POL"]
[SourceTitle "EXT 2021"]
[Source "ChessBase"]
[SourceDate "2020.10.23"]
[SourceVersion "1"]
[SourceVersionDate "2020.10.23"]
[SourceQuality "1"]

1. e4 e5 2. Nf3 Nc6 3. Nc3 Nf6 4. d4 exd4 5. Nxd4 Bb4 6. Nxc6 bxc6 7. Bd3 d5 8. exd5 cxd5 9. 0-0 0-0 10. Bg5 c6 11. Qf3 Be7 12. h3 Rb8 13. b3 Be6 14. Ne2 Nd7 15. Bf4 Rb7 16. Nd4 Bf6 17. c3 c5 18. Nb5 Ne5 19. Bxe5 Bxe5 20. Qh5 f5 21. Qe2 Bd7 22. Qxe5 Bxb5 23. Bxb5 Rxb5 24. Rad1 Qg5 25. Qxd5+ Kh8 26. Qc6 Rb6 27. Qxc5 Rbf6 28. Rfe1 Qg6 29. f4 Qg3 30. Qe3 Qg6 31. c4 Ra6 32. Qe7 Rg8 33. Re2 Qh6 34. Qe5 Rf6 35. c5 Qg6 36. Rd6 Rxd6 37. Qxd6 Qh5 38. Re7 Qh4 39. c6 Qg3 40. Qd4 Qg6 41. c7 Qc6 42. Qc4 Qb6+ 43. Kh2 Rc8 44. Re8+ Rxe8 45. c8Q 1-0

[Event "Bohumin op 3rd"]
[Site "Bohumin"]
[Date "2020.07.21"]
[Round "4"]
[White "Starosta, Martyna"]
[Black "Zniszczol, Wiktoria"]
[Result "1-0"]
[WhiteElo "2079"]
[BlackElo "1598"]
[PlyCount "103"]
[EventDate "2020.07.18"]
[EventType "swiss"]
[EventRounds "9"]
[EventCountry "CZE"]
[SourceTitle "CBM 197 Extra"]
[Source "ChessBase"]
[SourceDate "2020.09.30"]
[SourceVersion "1"]
[SourceVersionDate "2020.09.30"]
[SourceQuality "1"]

1. e4 e5 2. Nf3 d6 3. d4 Nf6 4. Nc3 Nbd7 5. Bc4 Be7 6. 0-0 0-0 7. a4 c6 8. Qe2 Qc7 9. Ba2 b6 10. Rd1 Bb7 11. Nh4 g6 12. Bh6 Rfe8 13. Qc4 Rf8 14. Bxf8 Rxf8 15. Nf3 Qb8 16. dxe5 dxe5 17. Rd2 Nc5 18. b4 Ne6 19. Rad1 Nf4 20. Ne2 Ne6 21. c3 c5 22. Ng3 Rc8 23. b5 Rf8 24. Ne1 Nf4 25. f3 Bc8 26. Qf1 Qc7 27. Nc2 c4 28. Bxc4 Bc5+ 29. Kh1 h5 30. Ne2 Ne6 31. Bd5 a6 32. Nb4 a5 33. Nc6 h4 34. Bxe6 Bxe6 35. Qe1 Kg7 36. Qxh4 Rh8 37. Qg3 Rh5 38. h3 Bb3 39. Ra1 Bc4 40. Qh2 Be3 41. Rb2 Nd7 42. Ng3 Rh8 43. Nf1 Bc5 44. Qg3 f6 45. Rd1 Rh5 46. Rbd2 Be6 47. Nh2 Kf7 48. Ng4 Rg5 49. Qh4 Rh5 50. Rxd7+ Bxd7 51. Qxf6+ Kg8 52. Qxg6+ 1-0

[Event "POL-chT U20 2nd League"]
[Site "Sypniewo"]
[Date "2020.??.??"]
[Round "7.13"]
[White "Dalkowski, Rafal"]
[Black "Zniszczol, Wiktoria"]
[Result "1/2-1/2"]
[WhiteElo "1871"]
[BlackElo "1620"]
[PlyCount "72"]
[EventDate "2020.10.23"]
[EventType "team-swiss"]
[EventRounds "9"]
[EventCountry "POL"]
[SourceTitle "CBM 199 Extra"]
[Source "ChessBase"]
[SourceDate "2021.01.31"]
[SourceVersion "1"]
[SourceVersionDate "2021.01.31"]
[SourceQuality "1"]

1. d4 Nf6 2. c4 c5 3. d5 b5 4. cxb5 a6 5. bxa6 Bxa6 6. Nc3 d6 7. g3 g6 8. Bg2 Bg7 9. Nf3 0-0 10. 0-0 Nbd7 11. Qc2 Ng4 12. Rb1 Nge5 13. b3 Qa5 14. Bd2 Rfc8 15. a4 Qc7 16. h4 Nxf3+ 17. Bxf3 Ne5 18. Bg2 Rab8 19. Rfe1 Rb7 20. h5 Rcb8 21. Na2 Qd7 22. b4 Nc4 23. b5 Na3 24. Qd3 Nxb1 25. Rxb1 Bxb5 26. axb5 Rxb5 27. Rd1 Rb3 28. Qe4 Qa7 29. Nc1 Rb1 30. Rf1 Bf6 31. g4 R8b7 32. g5 Bg7 33. Qg4 Rb8 34. Be4 Qa4 35. Qf4 R1b2 36. Be1 Qd4 1/2-1/2

[Event "POL-chT U20 2nd League"]
[Site "Sypniewo"]
[Date "2020.??.??"]
[Round "5.44"]
[White "Tyszecki, Aliaksandr"]
[Black "Zniszczol, Wiktoria"]
[Result "1/2-1/2"]
[WhiteElo "1456"]
[BlackElo "1620"]
[PlyCount "82"]
[EventDate "2020.10.23"]
[EventType "team-swiss"]
[EventRounds "9"]
[EventCountry "POL"]
[SourceTitle "CBM 199 Extra"]
[Source "ChessBase"]
[SourceDate "2021.01.31"]
[SourceVersion "1"]
[SourceVersionDate "2021.01.31"]
[SourceQuality "1"]

1. d4 Nf6 2. Nf3 d6 3. Bf4 g6 4. e3 Bg7 5. Be2 0-0 6. 0-0 Nbd7 7. h3 b6 8. c3 Bb7 9. Nbd2 c5 10. a4 a6 11. b4 Ra7 12. Qb3 Qa8 13. Rab1 Ne4 14. Rfd1 Nxd2 15. Rxd2 Be4 16. Rc1 h6 17. Ne1 g5 18. Bh2 Rc8 19. Bf3 c4 20. Bxe4 Qxe4 21. Qd1 d5 22. Nc2 Qg6 23. Qe1 Qc6 24. Ra1 Raa8 25. Re2 b5 26. a5 e6 27. e4 dxe4 28. Rxe4 Nf6 29. Re2 Nd5 30. Ne3 Re8 31. Nxd5 exd5 32. Raa2 f6 33. f4 Kf7 34. Kf2 Rxe2+ 35. Rxe2 Re8 36. Rxe8 Qxe8 37. Qxe8+ Kxe8 38. f5 Bf8 39. Kf3 Kf7 40. Bg3 Be7 41. Kg4 Kg7 1/2-1/2

[Event "POL-chT U20 2nd League"]
[Site "Sypniewo"]
[Date "2020.??.??"]
[Round "4.38"]
[White "Zniszczol, Wiktoria"]
[Black "Wrona, Florian"]
[Result "1/2-1/2"]
[WhiteElo "1620"]
[BlackElo "1463"]
[PlyCount "169"]
[EventDate "2020.10.23"]
[EventType "team-swiss"]
[EventRounds "9"]
[EventCountry "POL"]
[SourceTitle "CBM 199 Extra"]
[Source "ChessBase"]
[SourceDate "2021.01.31"]
[SourceVersion "1"]
[SourceVersionDate "2021.01.31"]
[SourceQuality "1"]

1. e4 c5 2. Nc3 e6 3. f4 d5 4. exd5 exd5 5. Bb5+ Nc6 6. Nf3 Nf6 7. Ne5 Bd7 8. Bxc6 bxc6 9. d3 Bd6 10. Nxd7 Qxd7 11. 0-0 0-0 12. b3 Rfe8 13. Bd2 Re7 14. Re1 Rae8 15. Rxe7 Rxe7 16. Qf1 Qf5 17. Ne2 Ng4 18. h3 Ne3 19. Bxe3 Rxe3 20. Qf2 Qe6 21. Re1 c4 22. Kf1 cxd3 23. cxd3 Bc5 24. Ng3 Rxe1+ 25. Qxe1 Qg6 26. Qe8+ Bf8 27. Qe3 c5 28. Ne2 d4 29. Qd2 h6 30. Kf2 Be7 31. Kg1 Kh7 32. Kf2 Bh4+ 33. g3 Bd8 34. Ng1 Qc6 35. Qe2 f5 36. Nf3 Bf6 37. Qe1 Qb5 38. Qe2 Qc6 39. Qe1 Qa6 40. Qe2 g5 41. fxg5 hxg5 42. Kg1 Qd6 43. Kg2 Qc6 44. Kg1 Qc7 45. Kg2 Kg7 46. Qe6 f4 47. g4 Qf7 48. Qe4 Qd7 49. Kf2 Qd8 50. Qe6 Qc7 51. a4 Qf7 52. Qc4 Qe7 53. Qc1 Qe6 54. Qc2 Qe3+ 55. Kg2 Be7 56. Qd2 Qe6 57. Qe1 Qxe1 58. Nxe1 Kf6 59. Nf3 Ke6 60. Nd2 Kd5 61. Kf3 Bf6 62. Ne4 Bd8 63. Nd2 Be7 64. Nc4 Bd8 65. Na3 a6 66. Nc2 Ke5 67. Ne1 Ba5 68. Ng2 Bd8 69. h4 gxh4 70. Nxf4 Bg5 71. Nh3 Be3 72. g5 Kf5 73. g6 Kxg6 74. Kg4 Kf6 75. Kxh4 Ke6 76. Kh5 Kd5 77. Kg6 Kc6 78. Kf5 Kb6 79. Ke5 Ka5 80. Kd5 Kb4 81. a5 Kc3 82. Kxc5 Kxd3 83. b4 Ke2 84. Nf4+ Kd2 85. Kc4 1/2-1/2

[Event "POL-chT U20 1st League"]
[Site "Kudowa Zdroj"]
[Date "2018.07.29"]
[Round "9.12"]
[White "Zniszczol, Wiktoria"]
[Black "Czarnecka, Lidia"]
[Result "1/2-1/2"]
[WhiteElo "1568"]
[BlackElo "1767"]
[PlyCount "72"]
[EventDate "2018.07.21"]
[EventType "team-tourn"]
[EventRounds "9"]
[EventCountry "POL"]
[SourceTitle "CBM 186 Extra"]
[Source "ChessBase"]
[SourceDate "2018.08.24"]
[SourceVersion "1"]
[SourceVersionDate "2018.08.24"]
[SourceQuality "1"]

1. e4 c5 2. Ne2 d6 3. g3 g6 4. Bg2 Bg7 5. c3 Nc6 6. d3 e6 7. Nd2 Nge7 8. 0-0 0-0 9. f4 b6 10. g4 f5 11. h3 Bb7 12. Nf3 d5 13. e5 Rc8 14. g5 Qc7 15. Bd2 Rfd8 16. Rc1 Nb8 17. Ne1 Nd7 18. Nc2 Ba6 19. Rf3 Bf8 20. d4 c4 21. Nb4 Bb7 22. Rg3 b5 23. Kh2 Qb6 24. Ng1 a5 25. Nc2 Nb8 26. h4 Nbc6 27. Rb1 Rb8 28. Ne3 Ba6 29. Bf1 Rdc8 30. Ng2 Rb7 31. Ne1 Rcb8 32. h5 Qa7 33. Rh3 Bg7 34. Ngf3 b4 35. Kg2 Kf7 36. Rh2 Bb5 1/2-1/2

[Event "POL-chT U20 1st League"]
[Site "Kudowa Zdroj"]
[Date "2018.07.28"]
[Round "8.30"]
[White "Slusarczyk, Anna"]
[Black "Zniszczol, Wiktoria"]
[Result "0-1"]
[WhiteElo "1078"]
[BlackElo "1568"]
[PlyCount "96"]
[EventDate "2018.07.21"]
[EventType "team-tourn"]
[EventRounds "9"]
[EventCountry "POL"]
[SourceTitle "CBM 186 Extra"]
[Source "ChessBase"]
[SourceDate "2018.08.24"]
[SourceVersion "1"]
[SourceVersionDate "2018.08.24"]
[SourceQuality "1"]

1. e4 d5 2. exd5 Qxd5 3. Nc3 Qd6 4. d4 Nf6 5. Nf3 c6 6. a4 Bg4 7. Be3 Nbd7 8. Bc4 e6 9. 0-0 Qc7 10. Re1 Bd6 11. h3 Bh5 12. Be2 0-0 13. Qd2 Nb6 14. Bg5 Nbd5 15. Nxd5 Nxd5 16. Nh4 Bxe2 17. Rxe2 Qb6 18. b3 Bb4 19. Qd3 Bc3 20. Rd1 h6 21. Bxh6 gxh6 22. Re4 Qc7 23. Rg4+ Kh8 24. Qf3 Rg8 25. Rd3 Rxg4 26. Qxg4 Qf4 27. Qxf4 Nxf4 28. Rf3 Ne2+ 29. Kh1 Bxd4 30. Rxf7 b6 31. Rd7 c5 32. Ng6+ Kg8 33. Ne7+ Kf7 34. Nc6+ Kf6 35. Nxa7 Bxf2 36. Nb5 Re8 37. Rd2 Ng3+ 38. Kh2 Nf1+ 39. Kh1 Nxd2 40. Nd6 Rd8 41. Nb5 Ne4 42. g3 Be3 43. Kg2 Ng5 44. g4 Rd2+ 45. Kg3 Bf2+ 46. Kg2 Bh4+ 47. Kf1 Nf3 48. c4 Rf2# 0-1

[Event "POL-chT U20 1st League"]
[Site "Kudowa Zdroj"]
[Date "2018.07.26"]
[Round "6.30"]
[White "Zniszczol, Wiktoria"]
[Black "Bugaj, Hanna"]
[Result "1/2-1/2"]
[WhiteElo "1568"]
[BlackElo "1356"]
[PlyCount "84"]
[EventDate "2018.07.21"]
[EventType "team-tourn"]
[EventRounds "9"]
[EventCountry "POL"]
[SourceTitle "CBM 186 Extra"]
[Source "ChessBase"]
[SourceDate "2018.08.24"]
[SourceVersion "1"]
[SourceVersionDate "2018.08.24"]
[SourceQuality "1"]

1. e4 c5 2. Nc3 e6 3. f4 d5 4. Bb5+ Bd7 5. Bxd7+ Qxd7 6. Qe2 d4 7. Nd1 Nc6 8. d3 Nf6 9. Nf3 Be7 10. Nf2 0-0 11. 0-0 b5 12. e5 Nd5 13. Ne4 Rfc8 14. c4 bxc4 15. dxc4 Nb6 16. Rd1 Nb4 17. b3 a5 18. a3 Nc6 19. Rd3 a4 20. Bd2 Rd8 21. Rc1 Na5 22. Bxa5 Rxa5 23. Qd2 Ra7 24. b4 Qc6 25. bxc5 Bxc5 26. Nxc5 Qxc5 27. Qb4 Rc7 28. Qxc5 Rxc5 29. Rxd4 Rxd4 30. Nxd4 Rxc4 31. Rxc4 Nxc4 32. Nc2 f6 33. exf6 gxf6 34. Kf2 Kf7 35. Ke2 e5 36. fxe5 fxe5 37. Kd3 Nb6 38. Ne3 Ke6 39. g3 Kf6 40. Ke4 Ke6 41. g4 Nd7 42. Kd3 Kd6 1/2-1/2

[Event "POL-chT U20 1st League"]
[Site "Kudowa Zdroj"]
[Date "2018.07.25"]
[Round "5.12"]
[White "Barwinska, Ewa"]
[Black "Zniszczol, Wiktoria"]
[Result "1-0"]
[WhiteElo "1457"]
[BlackElo "1568"]
[PlyCount "126"]
[EventDate "2018.07.21"]
[EventType "team-tourn"]
[EventRounds "9"]
[EventCountry "POL"]
[SourceTitle "CBM 186 Extra"]
[Source "ChessBase"]
[SourceDate "2018.08.24"]
[SourceVersion "1"]
[SourceVersionDate "2018.08.24"]
[SourceQuality "1"]

1. e4 e5 2. Nf3 d6 3. d4 Nf6 4. Nc3 Nbd7 5. Bc4 Be7 6. h3 c6 7. Bb3 b5 8. a3 Bb7 9. Qe2 a6 10. 0-0 0-0 11. Be3 Ne8 12. Rad1 Qc7 13. Qd2 Ndf6 14. Qe2 g6 15. Nh2 Nh5 16. Bh6 Neg7 17. Ng4 Kh8 18. dxe5 dxe5 19. Rd2 Bc5 20. Be3 Bxe3 21. Qxe3 Bc8 22. Nh2 Be6 23. Bxe6 Nxe6 24. Rfd1 Nd4 25. Nf3 c5 26. Nd5 Qd6 27. b4 Nxf3+ 28. Qxf3 c4 29. Nf4 Qf6 30. Nxh5 Qxf3 31. gxf3 gxh5 32. Rd5 Rfe8 33. Kh2 Kg7 34. Kg3 Kf6 35. Rd6+ Re6 36. f4 exf4+ 37. Kxf4 Rxd6 38. Rxd6+ Ke7 39. Rd5 h4 40. Re5+ Kf6 41. Rh5 Kg6 42. Rd5 Kf6 43. Rh5 Kg6 44. Rxh4 h5 45. Ke3 Rd8 46. Rf4 f6 47. Rf3 h4 48. Ke2 Re8 49. Re3 Kg5 50. Kf3 Re6 51. a4 Re5 52. Ra3 f5 53. exf5 Rxf5+ 54. Kg2 Kf4 55. Rf3+ Ke4 56. Rxf5 Kxf5 57. axb5 axb5 58. Kf3 Ke5 59. Ke3 Kf5 60. Kd4 Kf4 61. Kc5 Kf3 62. Kxb5 Kxf2 63. Kxc4 Kf3 1-0

[Event "POL-chT U20 1st League"]
[Site "Kudowa Zdroj"]
[Date "2018.07.24"]
[Round "4.24"]
[White "Zniszczol, Wiktoria"]
[Black "Siekanska, Zuzanna"]
[Result "1-0"]
[WhiteElo "1568"]
[BlackElo "1395"]
[PlyCount "63"]
[EventDate "2018.07.21"]
[EventType "team-tourn"]
[EventRounds "9"]
[EventCountry "POL"]
[SourceTitle "CBM 186 Extra"]
[Source "ChessBase"]
[SourceDate "2018.08.24"]
[SourceVersion "1"]
[SourceVersionDate "2018.08.24"]
[SourceQuality "1"]

1. e4 c5 2. Nc3 e6 3. f4 Nc6 4. Nf3 a6 5. g3 d5 6. d3 Bd6 7. Bg2 Nge7 8. 0-0 d4 9. Ne2 e5 10. f5 Bd7 11. c3 f6 12. Bd2 Qb6 13. Rb1 0-0-0 14. cxd4 exd4 15. Qc2 Kb8 16. a3 g5 17. b4 cxb4 18. axb4 h5 19. Qb3 h4 20. Rfc1 hxg3 21. hxg3 g4 22. Ne1 Ne5 23. Kf2 Rh2 24. Bf4 Bc6 25. Kf1 Qc7 26. b5 axb5 27. Qe6 Qd7 28. Qxd7 Bxd7 29. Nxd4 N7c6 30. Nxb5 Bc7 31. d4 Nxd4 32. Nxc7 1-0

[Event "POL-chT U20 1st League"]
[Site "Kudowa Zdroj"]
[Date "2018.07.22"]
[Round "2.18"]
[White "Zniszczol, Wiktoria"]
[Black "Rejniak, Zuzanna"]
[Result "1-0"]
[WhiteElo "1568"]
[BlackElo "1559"]
[PlyCount "105"]
[EventDate "2018.07.21"]
[EventType "team-tourn"]
[EventRounds "9"]
[EventCountry "POL"]
[SourceTitle "CBM 186 Extra"]
[Source "ChessBase"]
[SourceDate "2018.08.24"]
[SourceVersion "1"]
[SourceVersionDate "2018.08.24"]
[SourceQuality "1"]

1. e4 c6 2. d4 d5 3. exd5 cxd5 4. c3 Nc6 5. Bf4 g6 6. Nd2 Bg7 7. Ngf3 Nh6 8. Bd3 0-0 9. 0-0 f6 10. Re1 Nf7 11. Bb5 Re8 12. Nb3 e5 13. dxe5 fxe5 14. Be3 a6 15. Bxc6 bxc6 16. Nc5 Nd6 17. Qa4 Qc7 18. Rad1 Bf5 19. Qh4 Nc4 20. b3 Nxe3 21. Rxe3 Qb6 22. Na4 Qc7 23. Nc5 Qb6 24. Na4 Qc7 25. Nc5 Qb6 26. Na4 Qd8 27. Qxd8 Raxd8 28. Nc5 d4 29. cxd4 e4 30. Rde1 Bh6 31. R3e2 Bg7 32. Nxe4 Rxe4 33. Rxe4 Bxe4 34. Rxe4 c5 35. dxc5 Rd1+ 36. Re1 Rd5 37. b4 Bc3 38. Rc1 Bxb4 39. c6 Ba5 40. Kf1 Rd8 41. Ne5 Kf8 42. Ke2 Ke8 43. Rd1 Rc8 44. Rc1 Ke7 45. Ke3 Ke6 46. Ke4 Bb6 47. f4 Bc7 48. Nd7 Kd6 49. Ne5 Ke6 50. g4 Bxe5 51. fxe5 g5 52. Rf1 Ke7 53. Rf6 1-0

[Event "Budapest Gyorgy Memorial 2nd"]
[Site "Budapest"]
[Date "2017.10.14"]
[Round "4.3"]
[White "Janik, Marek Tobias"]
[Black "Zniszczol, Wiktoria"]
[Result "0-1"]
[WhiteElo "1455"]
[BlackElo "1400"]
[PlyCount "112"]
[EventDate "2017.10.12"]
[EventType "swiss"]
[EventRounds "7"]
[EventCountry "HUN"]
[SourceTitle "EXT 2019"]
[Source "ChessBase"]
[SourceDate "2018.10.10"]
[SourceVersion "1"]
[SourceVersionDate "2018.10.10"]
[SourceQuality "1"]

1. e4 d5 2. exd5 Qxd5 3. Nc3 Qd6 4. Nf3 Nf6 5. Be2 a6 6. 0-0 Nc6 7. d4 Bg4 8. Be3 e6 9. h3 Bf5 10. Qd2 h6 11. Rfd1 0-0-0 12. a3 g5 13. b4 g4 14. hxg4 Bxg4 15. b5 axb5 16. Nxb5 Qd5 17. c4 Qh5 18. Bf4 Rg8 19. Bg3 Bd6 20. Bxd6 Ne4 21. Qf4 Nxd6 22. Nxd6+ cxd6 23. a4 Bf5 24. g3 Bg4 25. Rd2 e5 26. dxe5 dxe5 27. Rxd8+ Rxd8 28. Qe3 Nd4 29. Nxd4 exd4 30. Bxg4+ Qxg4 31. Qd3 Qg6 32. Qxg6 fxg6 33. Kg2 Kc7 34. Kf3 Kc6 35. Ke4 Kc5 36. Kd3 Rf8 37. f4 Re8 38. Rb1 Re3+ 39. Kd2 Kxc4 40. Rxb7 Rxg3 41. a5 Ra3 42. Rb6 g5 43. Rc6+ Kd5 44. Rxh6 gxf4 45. Rh5+ Ke4 46. Rh4 Rxa5 47. Ke1 Ke3 48. Rh3+ f3 49. Kd1 d3 50. Kc1 d2+ 51. Kc2 Rc5+ 52. Kb2 d1Q 53. Rh2 Qc1+ 54. Kb3 Rb5+ 55. Ka2 Qb1+ 56. Ka3 Qb3# 0-1